| 000 | 00509nam a2200181 a 4500 | ||
|---|---|---|---|
| 001 | 0133 | ||
| 005 | 20140414131847.0 | ||
| 008 | 040117s19uu xx 00 eng d | ||
| 020 | _a0-553-05598-4 | ||
| 050 |
_aM 372.4 _bW17 v.19 |
||
| 245 |
_aWalt Disney's Road to reading : _ba parent's guide to reading. |
||
| 260 |
_aToronto : _bBantam Books, _c1986. |
||
| 300 | _a1 v. p. : ill. ; cm. | ||
| 440 | _aFun to read library | ||
| 650 |
_aReading _xFiction. |
||
| 650 | _aChildren stories. | ||
| 999 |
_c109981 _d109981 |
||